00865nam a22002658a 4500001000800000005001700008008004100025015001900066020003300085035001800118035001200136040001200148041001300160082001600173100003800189245013700227260003700364263001100401300002100412440002100433546003300454600006600487700002000553700002600573398992820200421093821.0050409s2005 enk e 000 1 eng  aGBA5309262bnb a0140449973 (pbk.) :c£10.99 a(Uk)013174582 a1145717 aStDuBDS1 aenghrus04a891.7332221 aBabelʹ, I.q(Isaak),d1894-1941.10aRed cavalry and other stories /cIssac Babel ; edited with notes by Efraim Sicher ; translated with an introduction by David McDuff. aLondon :bPenguin,c2005, c1994. a200507 a364 p. ;c20 cm. 0aPenguin classics aTranslated from the Russian.10aBabelʹ, I.q(Isaak),d1894-1941.vTranslations into English.1 aSicher, Efraim.1 aMcDuff, David,d1945-